| 000 | 00708nam a2200253Ia 4500 | ||
|---|---|---|---|
| 003 | OSt | ||
| 005 | 20220925214946.0 | ||
| 006 | a|||||r|||| 00| 0 | ||
| 007 | ta | ||
| 008 | 220923b |||||||| |||| 00| 0 eng d | ||
| 020 | _a0566004224 | ||
| 037 | _cGeneral Book | ||
| 040 |
_aRTL _cRTL _beng |
||
| 041 |
_2eng _aeng |
||
| 082 | _aX9.1.N7s, M1 | ||
| 100 |
_aDunning John H _9231816 |
||
| 245 | 0 | _aWorld's largest industrial enterprises | |
| 260 |
_aLondon _bGower U.K. _c1981 |
||
| 300 |
_a164p. _ccm. |
||
| 650 | _aEconomics-Industry | ||
| 700 |
_a Pearce Robert D _9231818 |
||
| 942 |
_hX9.1.N7s, M1 _cGB _2CC |
||
| 999 |
_c567354 _d567354 |
||